| 000 | 00623nam a22002297a 4500 | ||
|---|---|---|---|
| 001 | 00028675 | ||
| 005 | 20260330114539.0 | ||
| 008 | 260330b ag ||||| |||| 00| 0 spa d | ||
| 020 | _a9505185936 | ||
| 040 |
_aAR-CcCEOS _bspa _cAR-CcCEOS |
||
| 041 | _aspa | ||
| 080 | _a159.964.2 | ||
| 090 | _bFRE17 | ||
| 100 | 1 |
_aFreud, Sigmund, _d1856-1939 _9993 |
|
| 245 |
_aObras completas XVII / _cSigmund Freud |
||
| 250 | _a1ª ed. | ||
| 264 |
_aBuenos Aires : _bAmorrurtu, _cc1976. |
||
| 300 |
_a299 p. ; _c20x12 cm. |
||
| 490 | _vObras completas Sigmund Freud ; v.17 | ||
| 650 | 0 |
_afilosofía _9153 |
|
| 942 |
_2udc _cBK _n0 |
||
| 999 |
_c28708 _d28708 |
||